[Event "71st RUS-ch Superfinal Women 2021"]
[Site "Ufa"]
[Date "2021.10.12"]
[Round "4.4"]
[White "Gunina, Valentina"]
[Black "Garifullina, Leya"]
[Result "1/2-1/2"]
[WhiteElo "2462"]
[BlackElo "2409"]
[Annotator "ChessBase"]
[PlyCount "115"]
[EventDate "2021.10.09"]
[EventType "tourn"]
[EventCountry "RUS"]
[SourceTitle "playchess.com"]
[Source "ChessBase"]
[SourceQuality "1"]
[TimeControl "40/5400+30:1800+30"]

1. d4 {[%emt 0:00:05]} Nf6 {[%emt 0:00:11]} 2. c4 {[%emt 0:00:12]} e6 {[%emt 0:
00:10]} 3. Nf3 {[%emt 0:00:07]} d5 {[%emt 0:00:06]} 4. Nc3 {[%emt 0:00:11]} c5
{[%emt 0:00:14]} 5. cxd5 {[%emt 0:00:15]} cxd4 {[%emt 0:00:06]} 6. Qxd4 {
[%emt 0:00:24]} exd5 {[%emt 0:00:17]} 7. Bg5 {[%emt 0:00:08]} Be7 {[%emt 0:00:
06]} 8. e3 {[%emt 0:00:07]} O-O {[%emt 0:00:33]} 9. Qa4 {[%emt 0:00:06]} h6 {
[%emt 0:00:57]} 10. Bh4 {[%emt 0:00:07]} Qb6 {[%emt 0:00:23]} 11. Qb5 {[%emt 0:
00:22]} Nc6 {[%emt 0:00:30]} 12. Rd1 {[%emt 0:14:20]} Be6 {[%emt 0:02:26]} 13.
Bxf6 {[%emt 0:04:43]} Bxf6 {[%emt 0:07:41]} 14. Nxd5 {[%emt 0:03:32]} Bxd5 {
[%emt 0:00:39]} 15. Rxd5 {[%emt 0:01:07]} Bxb2 {[%emt 0:00:33]} 16. Bc4 {
[%emt 0:06:23]} Nb4 {[%emt 0:07:00]} 17. Qxb6 {[%emt 0:11:50]} axb6 {[%emt 0:
00:24]} 18. Rd7 {[%emt 0:00:16]} Rac8 {[%emt 0:16:18]} 19. Bb3 {[%emt 0:00:54]}
Rc1+ {[%emt 0:00:48]} 20. Rd1 {[%emt 0:03:58]} Rxd1+ {[%emt 0:00:42]} 21. Kxd1
{[%emt 0:00:14]} Ra8 {[%emt 0:01:16]} 22. Kd2 {[%emt 0:00:33]} Nxa2 {[%emt 0:
02:39]} 23. Rb1 {[%emt 0:03:29]} Bc3+ {[%emt 0:01:46]} 24. Kd3 {[%emt 0:01:52]}
Bf6 {[%emt 0:00:27]} 25. Bc4 {[%emt 0:23:24]} Nc3 {[%emt 0:03:32]} 26. Rxb6 {
[%emt 0:07:04]} Na4 {[%emt 0:01:15]} 27. Rb4 {[%emt 0:00:56]} Nb2+ {[%emt 0:10:
29]} 28. Ke2 {[%emt 0:00:54]} Nxc4 {[%emt 0:03:31]} 29. Rxc4 {[%emt 0:00:03]}
Ra2+ {[%emt 0:00:07]} 30. Nd2 {[%emt 0:02:15]} b5 {[%emt 0:00:17]} 31. Rc8+ {
[%emt 0:00:55]} Kh7 {[%emt 0:00:04]} 32. Kd3 {[%emt 0:02:15]} Ra3+ {[%emt 0:02:
25]} 33. Ke2 {[%emt 0:03:00]} Ra2 {[%emt 0:01:26]} 34. Kd1 {[%emt 0:02:44]} b4
{[%emt 0:01:22]} 35. Rc2 {[%emt 0:00:40]} Ra3 {[%emt 0:01:20]} 36. Ne4 {
[%emt 0:03:56]} b3 {[%emt 0:13:01]} 37. Rc1 {[%emt 0:04:04]} Be5 {[%emt 0:05:
31]} 38. Rb1 {[%emt 0:00:26]} Bxh2 {[%emt 0:04:08]} 39. g3 {[%emt 0:00:16]} Ra2
{[%emt 0:01:14]} 40. Ke1 {[%emt 0:00:00]} Bg1 {[%emt 0:00:00]} 41. Kf1 {
[%emt 0:04:01]} f5 {[%emt 0:06:49]} 42. Kxg1 {[%emt 0:05:10]} fxe4 {[%emt 0:00:
05]} 43. Rxb3 {[%emt 0:00:04]} Kg6 {[%emt 0:00:07]} 44. Kg2 {[%emt 0:00:30]}
Kf5 {[%emt 0:01:08]} 45. Rb5+ {[%emt 0:00:23]} Kg4 {[%emt 0:01:16]} 46. Rb6 {
[%emt 0:01:00]} Kf5 {[%emt 0:00:09]} 47. Rb8 {[%emt 0:00:54]} Kg4 {[%emt 0:02:
27]} 48. Re8 {[%emt 0:02:22]} Ra4 {[%emt 0:00:26]} 49. Re6 {[%emt 0:00:13]} Kf5
{[%emt 0:00:11]} 50. Re7 {[%emt 0:00:10]} g5 {[%emt 0:00:28]} 51. Kh3 {[%emt 0:
01:05]} h5 {[%emt 0:00:05]} 52. Re8 {[%emt 0:01:06]} Kf6 {[%emt 0:00:35]} 53.
Rb8 {[%emt 0:05:42]} Ra6 {[%emt 0:02:17]} 54. Rb4 {[%emt 0:02:37]} Re6 {
[%emt 0:00:16]} 55. Kg2 {[%emt 0:01:02]} Kf5 {[%emt 0:00:50]} 56. Rb5+ {
[%emt 0:00:11]} Kg6 {[%emt 0:01:04]} 57. Ra5 {[%emt 0:00:41]} Kf6 {[%emt 0:00:
15]} 58. Rb5 {[%emt 0:00:29]} 1/2-1/2

[Event "71st RUS-ch Superfinal Women 2021"]
[Site "Ufa"]
[Date "2021.10.12"]
[Round "4.5"]
[White "Shuvalova, Polina"]
[Black "Kashlinskaya, Alina"]
[Result "1/2-1/2"]
[WhiteElo "2509"]
[BlackElo "2493"]
[Annotator "TA"]
[PlyCount "115"]
[EventDate "2021.10.09"]
[EventType "tourn"]
[EventCountry "RUS"]
[SourceTitle "playchess.com"]
[Source "ChessBase"]
[SourceQuality "1"]

{[%evp 15,115,29,28,26,39,13,13,22,18,0,0,-7,9,10,23,0,3,-10,-9,-9,-7,-8,-19,
-6,-7,-24,-24,-34,-28,-48,-35,-46,0,0,0,-7,-5,-5,-5,-6,-10,-9,0,0,0,0,0,0,0,0,
0,0,0,0,0,-301,-266,-268,-267,-260,-254,-251,-251,-225,-8,-8,-8,-8,0,-8,-8,-8,
-8,-8,-8,-8,-8,-8,-8,-593,-593,-593,-177,-170,-170,-170,-170,-170,-180,-180,
-180,-180,-180,-183,-191,-479,-479,-479,-479,-53,-479,-479]} 1. d4 Nf6 2. c4 e6
3. Nf3 d5 4. Nc3 Bb4 5. Bg5 dxc4 6. e4 h6 7. Bxf6 Qxf6 8. Bxc4 c5 9. O-O {
D39: Queen's Gambit Declined: Ragozin Defence with 5 Bg5 dxc4.} cxd4 {[#]} 10.
e5 $1 {10.e5 is better than 10.Nb5.} Qd8 11. Ne4 {The position is equal.} O-O
12. a3 Be7 13. Rc1 {[#]} Qb6 $146 ({Predecessor:} 13... Bd7 14. Qxd4 Bc6 15.
Qe3 Nd7 16. Rfd1 Qb6 17. Qe2 Rfd8 18. Bd3 a5 19. Rb1 a4 {1/2-1/2 (48) Schwing,
H (2335)-Poetsch,H (2486) Niederhausen 2017}) 14. Qd2 (14. Nxd4 Rd8 $17) 14...
Rd8 15. Bd3 Nd7 16. h4 Nf8 $1 17. Qf4 Bd7 18. Nf6+ Bxf6 (18... gxf6 $6 19. exf6
Bxf6 20. Qxf6 $16) 19. exf6 e5 $1 {[%cal Re5f4]} 20. Qxe5 Qxf6 21. Qxf6 (21.
Qxd4 $2 Qxd4 22. Nxd4 Ba4 $19) 21... gxf6 22. Be4 (22. Nxd4 Be8 $17) 22... Ne6
23. Rfd1 Ba4 24. Rd2 Rd7 25. Bf5 Rad8 26. Bxe6 fxe6 27. Rc4 {[%mdl 64] [#]
Double Attack} Bc6 {...e5 is the strong threat.} 28. Rcxd4 Kf7 (28... Bd5 {
is interesting.} 29. Ne1 e5 30. R4d3 Kf7 31. f3 Ke6) 29. Rxd7+ Rxd7 30. Rxd7+
Bxd7 $11 {[%mdl 4096] Endgame KB-KN} 31. Nd2 Kg6 32. f3 Kf5 33. Kf2 e5 34. Ne4
Bc6 35. g4+ $2 {[%mdl 8192]} (35. Ke3 $11) 35... Kf4 $19 36. Nxf6 {[%cal Rf6h5]
} Bxf3 37. g5 hxg5 38. hxg5 Kxg5 39. Nd7 e4 (39... Kf4 $19 {White must now
prevent ...Bd5.} 40. Nf8 Bd5 41. Ng6+ Ke4) 40. Ke3 $11 Kf5 41. b4 b5 42. Nb8
Bh5 43. Na6 Be8 44. Nc5 Bc6 45. Kd4 Ba8 46. a4 bxa4 47. Nxe4 $2 {[%mdl 8192]}
Bxe4 {KB-KP} 48. Kc3 a6 $2 (48... Bd5 49. Kb2 Bb3) 49. Kb2 $19 Ke5 {Threatens
to win with ...Kd4.} 50. Ka1 Kd4 51. Ka2 Kc3 {And now ...Kc2 would win.} 52.
Ka1 Bd3 (52... Kxb4 53. Kb2 $11) (52... Kb3 53. b5 $11) 53. Ka2 Bc4+ 54. Ka1 a3
({Weaker is} 54... Kxb4 55. Kb2 $11) ({Inferior is} 54... Kc2 55. b5 $11) 55.
Kb1 Bd3+ 56. Ka1 Bc2 ({Not} 56... Kb3 57. b5 $11) 57. Ka2 Bb3+ 58. Ka1 {
[%mdl 32768] Weighted Error Value: White=0.28/Black=0.25. An unexpected result.
} 1/2-1/2

[Event "71st RUS-ch Superfinal Women 2021"]
[Site "Ufa"]
[Date "2021.10.12"]
[Round "4.6"]
[White "Girya, Olga"]
[Black "Guseva, Marina"]
[Result "0-1"]
[WhiteElo "2410"]
[BlackElo "2394"]
[Annotator "TA"]
[PlyCount "94"]
[EventDate "2021.10.09"]
[EventType "tourn"]
[EventCountry "RUS"]
[SourceTitle "playchess.com"]
[Source "ChessBase"]
[SourceQuality "1"]

{[%evp 9,94,8,16,-1,-2,0,0,-16,-11,-13,0,0,0,0,0,-11,0,-10,-4,-3,-7,-12,0,-8,0,
-3,0,0,0,0,27,-31,-23,-44,-38,-41,-49,-46,-49,-56,-44,-52,-35,-50,-47,-41,-45,
-47,-49,-79,-79,-82,-82,-80,-66,-87,-81,-143,-144,-131,-76,-133,-143,-139,-125,
-146,-104,-143,0,-137,-127,-127,-115,-207,-172,-220,-207,-241,-241,-477,-444,
-29983,-29984,-29984,-29985,-29985,-29986]} 1. d4 Nf6 2. c4 e6 3. Nf3 b6 4. g3
Ba6 5. Qc2 c5 6. d5 {E15: Queen's Indian: 4 g3 sidelines, 4 g3 Ba6 and 4 g3
Bb7 early deviations.} exd5 7. cxd5 Bb7 $1 8. Bg2 {The position is equal.} Nxd5
9. O-O {aiming for Ng5.} Be7 10. Qe4 Bc6 11. Ne5 Nf6 12. Nxc6 Nxc6 13. Qa4 O-O
14. Nc3 a6 {[#]} 15. Be3 $146 ({Predecessor:} 15. Rd1 b5 16. Qc2 Nd4 17. Qd3
Ra7 18. Be3 Ne6 19. a4 b4 20. Nd5 Ng4 21. Rac1 Nxe3 22. Nxe3 {1/2-1/2 (41)
Potpara,N (2378)-Utegaliev,A (2488) Belgrade 2021}) 15... b5 16. Qf4 Qb8 17.
Qf5 g6 18. Qh3 Ra7 19. Rad1 Ne5 20. Nd5 (20. Bg5 $11) 20... Nxd5 $15 21. Bxd5
d6 22. b3 Qc8 23. Qg2 Rc7 24. Bd2 Bf6 25. Bc3 Bg7 26. Rd2 Nc6 27. Bxg7 Kxg7 28.
Rfd1 Rd8 29. Qf3 Nd4 30. Qc3 {[#] Black must now prevent e3.} b4 31. Qb2 {
Hoping for e3.} f6 32. a4 Qf5 33. Rxd4 (33. Bg2 $142) 33... cxd4 $17 34. Qxd4
Qc2 (34... a5 $142 35. Kf1 Rc5) 35. e4 (35. Bc4 $142) 35... Qc5 36. Qd3 a5 37.
Kg2 Qc2 38. Qd4 Qc5 39. Qd3 $1 Re8 40. Bc4 Qe5 41. Bd5 (41. f3 $17 {was worth
a try.}) 41... Rc5 42. Rd2 Re7 43. Qa6 f5 44. f3 (44. Qa8 {only move.}) 44...
fxe4 $19 45. fxe4 {[#]} (45. Bxe4 $19 d5 46. Bc2) 45... Rxd5 $1 {[%mdl 512]
Black mates.} 46. exd5 Qe4+ 47. Kh3 Re5 {[%cal Re5h5] Weighted Error Value:
White=0.37/Black=0.09} 0-1

[Event "71st RUS-ch Superfinal Women 2021"]
[Site "Ufa"]
[Date "2021.10.13"]
[Round "5.1"]
[White "Guseva, Marina"]
[Black "Ovod, Evgenija"]
[Result "0-1"]
[WhiteElo "2394"]
[BlackElo "2331"]
[Annotator "NA"]
[PlyCount "177"]
[EventDate "2021.10.09"]
[EventType "tourn"]
[EventCountry "RUS"]
[SourceTitle "playchess.com"]
[Source "ChessBase"]
[SourceQuality "1"]
[TimeControl "40/5400+30:1800+30"]

1. d4 {[%emt 0:00:02]} d5 {[%emt 0:00:04]} 2. c4 {[%emt 0:00:05]} e6 {[%emt 0:
00:03]} 3. Nf3 {[%emt 0:00:04]} Nf6 {[%emt 0:00:05]} 4. g3 {[%emt 0:00:04]} Be7
{[%emt 0:00:05]} 5. Bg2 {[%emt 0:00:04]} O-O {[%emt 0:00:05]} 6. O-O {[%emt 0:
00:03]} dxc4 {[%emt 0:00:05]} 7. Qc2 {[%emt 0:00:13]} a6 {[%emt 0:00:06]} 8. a4
{[%emt 0:00:05]} Bd7 {[%emt 0:00:07]} 9. Qxc4 {[%emt 0:00:07]} Bc6 {[%emt 0:00:
05]} 10. Bg5 {[%emt 0:00:06]} Nbd7 {[%emt 0:00:17] now scores much better than
the old 10...Bd5.} 11. Nc3 {[%emt 0:00:16]} a5 {[%emt 0:03:43]} 12. Rfd1 {
[%emt 0:03:01]} h6 {[%emt 0:05:51]} 13. Bxf6 {[%emt 0:00:12]} Nxf6 {[%emt 0:00:
19]} 14. Ne5 {[%emt 0:09:50]} Bxg2 {[%emt 0:00:10]} 15. Kxg2 {[%emt 0:00:05]}
c6 {[%emt 0:00:07]} 16. e4 {[%emt 0:05:18] [#]} Bb4 $146 {[%emt 0:13:06]} ({
Predecessor:} 16... Qb6 17. Qe2 Rfd8 18. Nf3 Bb4 19. Rac1 Qa6 20. Qc2 Rac8 21.
e5 Nd5 22. Ne4 Be7 {1/2-1/2 (68) Melkumyan,H (2632)-Hansen,E (2573) London 2015
}) 17. Qe2 {[%emt 0:07:17]} Qc7 {[%emt 0:07:48]} 18. Rac1 {[%emt 0:03:11]} Rfd8
{[%emt 0:06:02]} 19. Qf3 {[%emt 0:12:05]} Ne8 {[%emt 0:12:33]} 20. h4 {[%emt 0:
08:38]} Qe7 {[%emt 0:02:26]} 21. Ne2 {[%emt 0:05:08]} Nc7 {[%emt 0:08:00]} 22.
Rd3 {[%emt 0:10:05]} Na6 {[%emt 0:04:28]} 23. Qh5 {[%emt 0:11:48]} Bd6 {
[%emt 0:11:34]} 24. Nc4 {[%emt 0:00:30]} Bc7 {[%emt 0:03:41]} 25. Qf3 {[%emt 0:
09:10]} Nb4 {[%emt 0:03:28]} 26. Rd2 {[%emt 0:00:28]} Rd7 {[%emt 0:01:05]} 27.
Rcd1 {[%emt 0:00:57]} Rad8 {[%emt 0:02:31]} 28. Nc3 {[%emt 0:00:35]} Qf6 {
[%emt 0:10:20]} 29. Qe3 {[%emt 0:09:58]} Qe7 {[%emt 0:02:21]} 30. f4 {[%emt 0:
01:31]} f5 {[%emt 0:00:50]} 31. Qf3 {[%emt 0:01:09]} Qf7 {[%emt 0:02:01]} 32.
Qe2 {[%emt 0:02:10]} Qg6 {[%emt 0:00:23]} 33. h5 {[%emt 0:00:54]} Qf7 {[%emt 0:
00:27]} 34. b3 {[%emt 0:00:50]} Qf6 {[%emt 0:02:08]} 35. Ne5 {[%emt 0:00:38]}
Bxe5 {[%emt 0:00:30]} 36. dxe5 {[%emt 0:00:43]} Rxd2 {[%emt 0:00:23]} 37. Rxd2
{[%emt 0:00:10]} Rxd2 {[%emt 0:00:06]} 38. Qxd2 {[%emt 0:00:54]} Qf7 {[%emt 0:
00:56]} 39. Qd8+ {[%emt 0:00:46]} Kh7 {[%emt 0:00:04]} 40. Qxa5 {[%emt 0:00:00]
} Nc2 {[%emt 0:00:00]} 41. Qc5 {[%emt 0:04:45]} Qxh5 {[%emt 0:03:27]} 42. Qf2 {
[%emt 0:00:51]} Nb4 {[%emt 0:02:14]} 43. Qd4 {[%emt 0:01:30]} Nc2 {[%emt 0:02:
18]} 44. Qd2 {[%emt 0:02:16]} Nb4 {[%emt 0:00:10]} 45. a5 {[%emt 0:07:57]} Qf7
{[%emt 0:07:09]} 46. Qd4 {[%emt 0:02:13]} Nc2 {[%emt 0:05:19]} 47. Qf2 {
[%emt 0:01:17]} Nb4 {[%emt 0:00:06]} 48. Qc5 {[%emt 0:00:46]} Na6 {[%emt 0:02:
11]} 49. Qd4 {[%emt 0:01:34]} Qc7 {[%emt 0:03:01]} 50. exf5 {[%emt 0:01:36]}
exf5 {[%emt 0:00:14]} 51. b4 {[%emt 0:08:14]} c5 {[%emt 0:00:17]} 52. bxc5 {
[%emt 0:00:20]} Nxc5 {[%emt 0:00:50]} 53. Qb4 {[%emt 0:02:33]} Qc6+ {[%emt 0:
01:46]} 54. Kh2 {[%emt 0:00:39]} Nd3 {[%emt 0:00:53]} 55. Qd4 {[%emt 0:00:47]}
Ne1 {[%emt 0:03:08]} 56. Qd5 {[%emt 0:00:04]} Qxc3 {[%emt 0:00:12]} 57. e6 {
[%emt 0:00:09]} Nf3+ $2 {[%emt 0:05:22]} (57... Qf6 $19 {and Black stays
clearly on top.} 58. Kg1 Nc2) 58. Kh3 $1 {[%emt 0:02:01]} Nd4 {[%emt 0:00:21]}
59. e7 {[%emt 0:00:14] [#]} Qe1 $17 {[%emt 0:01:15]} 60. e8=Q {[%emt 0:00:35]}
Qxe8 {[%emt 0:00:13]} 61. Qxd4 {[%emt 0:00:02]} Qh5+ {[%emt 0:01:23]} 62. Kg2 {
[%emt 0:00:04]} Qe2+ {[%emt 0:00:03]} 63. Kh3 {[%emt 0:00:58]} Qe4 {[%emt 0:00:
25]} 64. Qd1 {[%emt 0:00:46]} Qb4 {[%emt 0:00:53]} 65. Qd5 {[%emt 0:00:30]} Qe4
{[%emt 0:00:20]} 66. Qd1 {[%emt 0:00:06]} Qc4 {[%emt 0:00:55]} 67. Qb1 {
[%emt 0:01:02]} Qd5 {[%emt 0:00:06]} 68. Qa1 {[%emt 0:00:09]} h5 {[%emt 0:00:
30]} 69. Kh2 {[%emt 0:01:02]} h4 {[%emt 0:00:34]} 70. Qc3 {[%emt 0:00:41]} h3 {
[%emt 0:00:46]} 71. Qb2 {[%emt 0:00:27]} Qxa5 {[%emt 0:00:24]} 72. Kxh3 {
[%emt 0:00:20]} Qd5 {[%emt 0:00:16]} 73. Kh2 {[%emt 0:00:18]} b5 {[%emt 0:00:
17]} 74. Qe2 {[%emt 0:00:17]} Kh6 {[%emt 0:00:35]} 75. Qe7 {[%emt 0:00:17]} Qe4
{[%emt 0:00:57]} 76. Qd6+ {[%emt 0:00:49]} Kh7 {[%emt 0:00:10]} 77. Qd7 {
[%emt 0:01:01]} b4 {[%emt 0:00:06]} 78. Qf7 {[%emt 0:00:03]} Kh6 {[%emt 0:00:
23]} 79. Qb3 {[%emt 0:00:13]} Qe2+ {[%emt 0:01:08]} 80. Kh3 {[%emt 0:00:12]}
Qe1 {[%emt 0:00:24]} 81. Qd5 {[%emt 0:00:56]} Qe4 {[%emt 0:00:23]} 82. Qd6+ {
[%emt 0:00:04]} Kh7 {[%emt 0:00:20]} 83. g4 {[%emt 0:01:31]} Qh1+ {[%emt 0:00:
42]} 84. Kg3 {[%emt 0:00:03]} Qg1+ {[%emt 0:00:07]} 85. Kh3 {[%emt 0:00:59]}
Qxg4+ {[%emt 0:00:31]} 86. Kh2 {[%emt 0:00:03]} Qe2+ {[%emt 0:00:45]} 87. Kg3 {
[%emt 0:00:03]} b3 {[%emt 0:00:26]} 88. Qb6 {[%emt 0:01:26]} b2 {[%emt 0:00:39]
} 89. Qc5 {[%emt 0:00:33]} 0-1

[Event "71st RUS-ch Superfinal Women 2021"]
[Site "Ufa"]
[Date "2021.10.13"]
[Round "5.2"]
[White "Kashlinskaya, Alina"]
[Black "Girya, Olga"]
[Result "1/2-1/2"]
[WhiteElo "2493"]
[BlackElo "2410"]
[Annotator "TA"]
[PlyCount "185"]
[EventDate "2021.10.09"]
[EventType "tourn"]
[EventCountry "RUS"]
[SourceTitle "playchess.com"]
[Source "ChessBase"]
[SourceQuality "1"]

{[%evp 9,185,0,0,0,0,-27,0,0,0,0,0,-39,-27,-32,-29,-21,0,-22,-4,-13,-14,-24,
-14,-12,-12,-5,-7,-26,-42,-45,-10,-10,-9,-13,-12,-51,-47,-63,-31,-31,-32,-48,
-48,-60,-48,-48,-48,-60,-52,-52,-50,-54,-48,-48,-48,-60,-60,-60,-60,-60,-60,
-60,-36,-48,-36,-33,-31,-60,-29,-60,-60,-60,-60,-60,-27,-60,-27,-60,-47,-60,
-29,-60,-60,-60,-60,-60,-60,-60,-48,-48,-48,-48,-48,-48,-48,-48,-48,-48,-48,
-48,-48,-48,-48,-48,-48,-48,-48,-48,-48,-48,-48,-48,-48,-48,-48,-48,-48,-48,
-27,-27,-27,-27,-27,-27,-27,-27,-27,-27,-27,-27,-27,-27,-27,-27,-27,-27,-27,
-27,-27,-27,-27,-27,-27,-27,-27,-27,0,-27,-25,-27,-25,-27,-27,-27,-27,-27,0,
-27,-25,-25,0,-27,-27,-27,-27,-27,-27,-27,-27,-27,-8,-8,-8,-52,-52,-52,-52,-52]
} 1. d4 Nf6 2. c4 e6 3. Nc3 Bb4 4. f3 c5 5. d5 b5 6. e4 {E20: Nimzo-Indian: 4
g3 and 4 f3.} O-O 7. Nh3 $1 {[%mdl 4] outshines the older 7.e5.} bxc4 8. Bxc4 {
The position is equal.} Nxd5 9. Bxd5 exd5 {[#]} 10. Bg5 $146 ({Predecessor:} 
10. Qxd5 Nc6 11. Be3 Ba6 12. Nf4 Qh4+ 13. g3 Qf6 14. Kf2 Bxc3 15. bxc3 Rab8 16.
Rad1 {0-1 (52) Radjabov,T (2765)-So,W (2770) chess24.com INT 2021}) 10... Qa5 {
aiming for ...d4.} 11. O-O Bxc3 12. bxc3 Qxc3 13. exd5 d6 {Black wants to play
...Bxh3.} 14. Nf2 Bf5 15. Rc1 Qa5 16. Be7 Re8 17. Bxd6 Nd7 18. Ne4 Bxe4 19.
fxe4 Rxe4 20. Qf3 Nf6 21. Bxc5 Qxa2 22. Rcd1 {Black should prevent Bd4.} Qc4
23. Be3 Qc3 (23... Rd8 {looks sharper.} 24. Bxa7 Rxd5 25. Rxd5 Qxd5 26. Rd1 Qe6
) 24. Bg5 Qxf3 25. Rxf3 Nd7 26. Rc3 f6 27. Bc1 Nb6 28. Rc7 Rd8 29. d6 Rd7 30.
Ba3 {Threatening Bc5.} Kf7 31. Bc5 Ke6 32. Bxb6 axb6 33. Rb1 Kxd6 34. Rxd7+
Kxd7 35. Rxb6 $15 {[%mdl 4096] Endgame KR-KR} Rc4 36. Kf2 Rc6 37. Rb7+ Rc7 38.
Rb6 Ke7 39. Kf3 Rc3+ 40. Kf2 Rd3 41. h4 Kf7 42. g3 Rd7 43. Kf3 Kg6 44. Rb5 Re7
45. Ra5 h5 46. Rb5 Kh6 47. Rb6 Rf7 48. Ra6 g6 49. Rb6 Kg7 50. Ra6 Rd7 51. Rb6
Kf7 52. Ra6 Ke7 53. Ke4 Rb7 54. Kf3 Rb3+ 55. Kf2 Rd3 56. Rb6 Rd6 57. Rb5 Ke6
58. Kf3 Rd5 59. Rb4 Rf5+ 60. Kg2 Rc5 61. Kf3 Kd5 62. Rb6 Ke5 63. Rb3 g5 64.
hxg5 fxg5 65. Ra3 Rb5 66. Re3+ Kf6 67. Ra3 g4+ 68. Kf2 Rb2+ 69. Kg1 Re2 (69...
Rb6 {is interesting.} 70. Ra5 Kg6 71. Ra4 Re6 72. Ra5 Re3) 70. Ra5 Re5 71. Ra4
Rc5 72. Kf2 Ke5 73. Rb4 Rc2+ 74. Ke3 Rc3+ 75. Kf2 Rf3+ 76. Kg2 Rd3 77. Kf2 Rf3+
(77... Rd6 {seems wilder.} 78. Kg2 Rd5 79. Rc4 Ke6 80. Rc6+ Kf7) 78. Kg2 Rf5 (
78... Kf5 {looks sharper.} 79. Rb5+ Kg6 80. Ra5 Re3 81. Ra6+ Kf5) 79. Ra4 Kd5
80. Rb4 Kc5 (80... Ke6 {keeps more tension.} 81. Rb6+ Kf7 82. Rc6 Rb5 83. Rc7+
Kg6) 81. Ra4 {[#] Strongly threatening Ra5+.} Kb5 (81... Kd6 {is more complex.}
82. Ra6+ Ke7 83. Rc6 Kf7 84. Rc7+ Kg6) 82. Re4 Kc5 (82... Kb6 {keeps more
tension.} 83. Ra4 Kc6 84. Ra6+ Kc7 85. Re6 Rd5) 83. Ra4 {Black must now
prevent Ra5+.} Rd5 (83... Kd6 {feels hotter.} 84. Ra6+ Ke7 85. Rc6 Kf7 86. Rc7+
Kg6) 84. Kf2 Kd6 85. Ra6+ Ke5 86. Ra4 Rb5 87. Rc4 Rb2+ 88. Kg1 Rd2 89. Rc5+ Ke4
90. Rxh5 Kf3 91. Rf5+ Kxg3 {[#] ( -> ...Rd1+)} 92. Rf1 $1 Rg2+ 93. Kh1 {
Weighted Error Value: White=0.07/Black=0.07} 1/2-1/2

[Event "71st RUS-ch Superfinal Women 2021"]
[Site "Ufa"]
[Date "2021.10.13"]
[Round "5.3"]
[White "Garifullina, Leya"]
[Black "Shuvalova, Polina"]
[Result "0-1"]
[WhiteElo "2409"]
[BlackElo "2509"]
[Annotator "TA"]
[PlyCount "92"]
[EventDate "2021.10.09"]
[EventType "tourn"]
[EventCountry "RUS"]
[SourceTitle "playchess.com"]
[Source "ChessBase"]
[SourceQuality "1"]

{[%evp 18,92,50,6,20,6,7,4,4,4,11,12,7,-35,-40,-40,-45,-39,-35,-31,-44,-45,-45,
-47,-47,-74,-18,-23,-16,-50,-48,-60,-38,-71,0,-27,-26,-18,-8,-96,-101,-165,
-156,-283,-290,-290,-289,-461,-456,-530,-526,-530,-527,-530,-525,-512,-495,
-616,-616,-699,-699,-681,-681,-638,-610,-641,-641,-627,-577,-693,-688,-656,
-621,-821,-809,-4133,-4133]} 1. e4 e5 2. Nf3 Nc6 3. Bb5 a6 4. Ba4 Nf6 5. O-O
Be7 6. Re1 b5 7. Bb3 O-O 8. a4 Rb8 9. d3 d6 10. c3 b4 {C88: Closed Ruy Lopez:
Anti-Marshall Systems.} 11. Nbd2 {[#]} d5 $1 $146 {[%mdl 8] A relevant novelty.
} ({Predecessor:} 11... Na5 12. Bc2 c5 13. d4 Qc7 14. d5 bxc3 15. bxc3 c4 16.
Ba3 Nd7 17. Qe2 Re8 18. Reb1 Bb7 19. Bb4 Rec8 20. Rb2 Ba8 {0-1 (78) Martinez
Alcantara,J (2620)-Postny,E (2605) Chess.com INT 2021}) 12. exd5 (12. a5 {
looks sharper.} dxe4 13. dxe4 Bc5 14. h3 Qe7 15. Bd5) 12... Nxd5 {The position
is equal.} 13. Nxe5 Nxe5 14. Rxe5 Be6 15. Rxe6 fxe6 16. Ne4 bxc3 17. bxc3 {[#]}
Nxc3 $1 18. Nxc3 (18. Bxe6+ Kh8) 18... Qd4 {[%csl LRc3,LRf2]} 19. Bxe6+ Kh8 20.
Be3 Qxc3 21. d4 Ba3 ({Better is} 21... Rb2 $17) 22. g3 $11 a5 23. Rb1 Rxb1 24.
Qxb1 Bb4 25. Qa2 Qc6 (25... Be7 $17) 26. h4 Bd6 27. Qb3 Qe4 {...c6 is the
strong threat.} 28. h5 (28. Bd5 $11 Qf5 29. Kg2) 28... h6 $17 {White is now
going downhill.} 29. Qd5 (29. Bh3 $17 {was necessary.}) 29... Qc2 $19 30. Kg2 (
30. Qc4 $17 Qd1+ 31. Qf1 Qxa4 32. Qd3) 30... Qxa4 31. Bf5 {[#]} Qe8 $1 32. Bg6
(32. Bc2 {keeps fighting.}) 32... Qa8 {Black is clearly winning.} 33. Be4 Qxd5
34. Bxd5 {[%mdl 4096] Endgame and the idea Bc6 leaves White hopeful. KRB-KB} a4
{[%cal Ba5a4,Ba4a3][%mdl 32]} 35. Bc1 Rf5 36. Ba2 Rxh5 37. g4 Rh2+ 38. Kg1 Rh4
39. Be6 a3 40. Kg2 Rh2+ 41. Kg1 Rh3 42. Be3 Rf3 43. Ba2 Rf8 44. Bd2 Re8 {
Hoping for ...Re2.} 45. Be3 Re4 46. g5 Bf4 {Weighted Error Value: White=0.35/
Black=0.08} 0-1